| 000 | 00751nam a22001577a 4500 | ||
|---|---|---|---|
| 003 | OSt | ||
| 005 | 20150915092803.0 | ||
| 008 | 150915b xxu||||| |||| 00| 0 eng d | ||
| 040 | _cRUA | ||
| 082 | _aAGR ITH 2002 B027 Or.1 | ||
| 100 |
_9479 _aITH, VANNARIT. |
||
| 245 | _aprinciples and techniques of ecological system of rice intensification in prasac II case study in aangkorborei, takeo (ប្រពលវប្បកម្មដំណាំស្រូវតាមគោលការណ៍ធម្មជាតិនៅប្រាសាក់II ករណីសិក្សាក្នុងស្រុកអង្គបុរីខេត្តតាកែវ) | ||
| 260 |
_aPhnom Penh _bRUA _c2002 |
||
| 300 |
_a43p. _bill. _c29cm. |
||
| 942 |
_2ddc _cAGR |
||
| 999 |
_c459 _d459 |
||